| 000 | 00800nam a2200241 a 4500 | ||
|---|---|---|---|
| 999 |
_c12324 _d12324 |
||
| 001 | 12324 | ||
| 003 | BD-JhCC | ||
| 005 | 20220825134022.0 | ||
| 008 | 210607s2021 bg |||| |||| 000 0 ben d | ||
| 020 | _a9789849533665 | ||
| 035 | _a(BD-JhCC)12324 | ||
| 040 |
_aBD-JhCC _dBD-JhCC |
||
| 041 | _aBengla | ||
| 082 |
_a813.6 _bHOS 2021 |
||
| 100 | _aহোসাইনি, খালেদ | ||
| 245 |
_aদ্য কাইট রানার / _cখালেদ হোসাইনি; জামাল নাসের (অনু.) |
||
| 260 |
_aঢাকা : _bবাতিঘর, _c২০২১. |
||
| 300 |
_a৩২৩ পৃ. : _c২১ সেমি. |
||
| 650 |
_aBetrayal _zAfghanistan--Kabul |
||
| 650 | _aMale friendship | ||
| 700 | _aনাসের, জামাল | ||
| 942 |
_2ddc _cBK _03 |
||